Statistiques concernant Pays ayant une seule frontière

Cliquez ici pour prendre le quiz!

Statistiques générales

  • Ce quiz a été pris 10,954 fois
  • Le résultat moyen est 10 sur 17

Statistiques - réponses

Bordant pays Pays % Correct
Etats-UnisCanada
94%
EspagnePortugal
77%
Corée du NordCorée du Sud
76%
Royaume-UniIrlande
73%
Afrique du SudLesotho
72%
ItalieVatican
66%
ItalieSaint-Marin
62%
AllemagneDanemark
61%
FranceMonaco
60%
République dominicaineHaïti
60%
IrlandeRoyaume-Uni
57%
HaïtiRépublique
dominicaine
56%
IndonésiePapouasie-
Nouvelle-Guinée
52%
Arabie SaouditeQatar
47%
MalaisieBrunei
43%
SénégalGambie
41%
IndonésieTimor oriental
37%

Distribution des résultats

Percentile par nombre de réponses

% des personnes avec chaque résultat

Votre développement - résultats

Vous n’avez pas pris ce quiz